000
00291nam a22001217a 4500
999
_c
165227
_d
165227
082
_a
_b
100
_a
Seshendra Sharma
245
_a
Shabd is shatabdi/
_c
by Seshendra Sharma.
260
_a
New Delhi:
_b
Bharathiya Vidya Prakashan,
_c
1991.
300
_a
175p.
650
_a
942
_c
BK